000 00371nam a2200097Ia 4500
008 191206s9999 xx 000 0 und d
090 _aHD2131Z8N38
245 0 _a"Integrating Food, Nutrition and Agricultural Policy in Zimbabwe: Proceeding of the 1st National consultative workshop in Juliasdale ;July 1990"
260 _aUniversity of Zimbabwe Publications
260 _cc1990
999 _c16236
_d16236